00702nam a2200169 a 450000100100000000500170001000800410002704000250006811000860009324500860017926000630026530000210032871000520034904900090040195201050041099900170051500002567920200930023951.0110221s1990 dr 000 0 spa d aDO-SdBNPbspacBNPHU1 aConferencia general del episcopado latinoamericanod(1990:cSanto Domingo)95244410aEmentos para una reflexión pastoral en preparación de la conferencia general. aSanto Domingo :bCentro de Publicaciones del CELAM,c1990. a290 p. ;c23 cm.1 aConsejo Episcopal Latinoamericano(CELAM)952445 aBNPD 0010718PDaPDbPDcCTd2011-02-21iLF1l0o p25679-10r2020-06-25w2020-06-25yLFPDZNo se presta c25171d25171